000 00248nam a22001097a 4500
008 240531b |||||||| |||| 00| 0 eng d
100 _aRawlani, Kodo
_915061
245 _aBeena
260 _aAhemdabad
_bA.Pub.
_c1968
300 _a101p.
942 _cBK
999 _c39434
_d39434